000 01076cam a22003134a 4500
005 20260322212055.0
008 data
010 _a 2004017808
020 _a0780807782
020 _a1578591503 (pbk.)
020 _a9781578591503 (pbk.)
020 _a9780780807785
040 _aDLC
_cDLC
_dDLC
_dBAKER
_dVP@
_dDLC
042 _apcc
050 0 0 _aQH349
_b.H36 2004
082 0 0 _a570
_222
092 _a570 H36 2004
245 1 4 _aThe handy biology answer book /
_cJames E. Bobick.
250 _a1st ed.
260 _aDetroit :
_bVisible Ink Press,
_cc2004.
300 _axxxiv, 565 p. :
_bill. ;
_c25 cm.
504 _aIncludes bibliographical references (p. 539-551) and index.
650 0 _aBiology
_vMiscellanea.
700 1 _aBobick, James E.
856 4 1 _3Table of contents
_uhttp://www.loc.gov/catdir/toc/ecip0421/2004017808.html
856 4 2 _3Contributor biographical information
_uhttp://www.loc.gov/catdir/enhancements/fy0711/2004017808-b.html
856 4 2 _3Publisher description
_uhttp://www.loc.gov/catdir/enhancements/fy0711/2004017808-d.html
001 data
999 _c1311
_d1311